01458nam a2200325 4500001000800000003000400008005001700012007000400029008000400033010001700037020001500054035002100069040002000090041001100110042001400121050002100135245021800156260008000374300003800454500011800492504004100610546007900651650006500730650007300795650004300868650005200911700002600963700001600989711012701005353579100020150528104850.0000000 a 96191686  a978131091X a(OCoLC)33991806  aUOELcDJBFdDLC0 aengfre alccopycat04aSB608b.B16 199100aBiological and integrated control of highland banana and plantain pests and diseases :bproceedings of a research coordination meeting, Cotonou, Bénin, 12-14 November, 1991 /cedited by C.S. Gold and B. Gemmill. aIbadan, Nigeria :bInternational Institute of Tropical Agriculture,cc1993. ax, 455 p. :bill., maps ;c23 cm. aPapers from the Workshop on Integrated and Biological Control of Highland Banana and Plantain Pests and Diseases. aIncludes bibliographical references. aText in English; some articles in French; abstracts in English and French. 0aBananasxDiseases and pestsxBiological controlxCongresses. 0aPlantain bananaxDiseases and pestsxBiological controlxCongresses. 0aPestsxBiological controlxCongresses. 0aVector controlxBiological controlxCongresses.1 aGold, Clifford Scott.1 aGemmill, B.2 aWorkshop on Integrated and Biological Control of Highland Banana and Plantain Pests and Diseasesd(1991 :cCotonou, Benin)